<?xml version="1.0" encoding="UTF-8"?>
<record
    xmlns:xsi="http://www.w3.org/2001/XMLSchema-instance"
    xsi:schemaLocation="http://www.loc.gov/MARC21/slim http://www.loc.gov/standards/marcxml/schema/MARC21slim.xsd"
    xmlns="http://www.loc.gov/MARC21/slim">

  <leader>01781nam a2200205Ia 4500</leader>
  <controlfield tag="003">OSt</controlfield>
  <controlfield tag="005">20240726153440.0</controlfield>
  <controlfield tag="008">210210b2013   xxu||||| |||| 00| 0 eng d</controlfield>
  <datafield tag="040" ind1=" " ind2=" ">
    <subfield code="c">AL</subfield>
  </datafield>
  <datafield tag="041" ind1=" " ind2=" ">
    <subfield code="a">Kannada</subfield>
  </datafield>
  <datafield tag="082" ind1=" " ind2=" ">
    <subfield code="a">K894.109 VIJB</subfield>
  </datafield>
  <datafield tag="100" ind1=" " ind2=" ">
    <subfield code="a">VIJAYA DABBE</subfield>
    <subfield code="d">&#xCB5;&#xCBF;&#xC9C;&#xCAF; &#xCA6;&#xCAC;&#xCCD;&#xCAC;&#xCC6; </subfield>
    <subfield code="9">174207</subfield>
  </datafield>
  <datafield tag="245" ind1=" " ind2=" ">
    <subfield code="a">Bendre kavyadalli anubhavada ondu nichchanike</subfield>
    <subfield code="b">&#xCAC;&#xCC7;&#xC82;&#xCA6;&#xCCD;&#xCB0;&#xCC6; &#xC95;&#xCBE;&#xCB5;&#xCCD;&#xCAF;&#xCA6;&#xCB2;&#xCCD;&#xCB2;&#xCBF; &#xC85;&#xCA8;&#xCC1;&#xCAD;&#xCBE;&#xCB5;&#xCA6; &#xCA8;&#xCBF;&#xC9A;&#xCCD;&#xC9A;&#xCA3;&#xCBF;&#xC95;&#xCC6;</subfield>
  </datafield>
  <datafield tag="260" ind1=" " ind2=" ">
    <subfield code="a">BengaLUru</subfield>
    <subfield code="b">Abhinava Prakashana</subfield>
    <subfield code="c">2013</subfield>
  </datafield>
  <datafield tag="300" ind1=" " ind2=" ">
    <subfield code="a">52</subfield>
  </datafield>
  <datafield tag="520" ind1=" " ind2=" ">
    <subfield code="a">&#xCAC;&#xCC7;&#xC82;&#xCA6;&#xCCD;&#xCB0;&#xCC6; &#xC85;&#xCA8;&#xCC1;&#xCAD;&#xCBE;&#xCB5;&#xCBF; &#xC95;&#xCB5;&#xCBF;. &#xC85;&#xCA8;&#xCC1;&#xCAD;&#xCBE;&#xCB5; &#xCAC;&#xCC7;&#xC82;&#xCA6;&#xCCD;&#xCB0;&#xCC6; &#xC95;&#xCBE;&#xCB5;&#xCCD;&#xCAF;&#xCA6; &#xCB5;&#xCBF;&#xCB6;&#xCC7;&#xCB7;&#xCA4;&#xCC6;&#xC97;&#xCB3;&#xCB2;&#xCCD;&#xCB2;&#xCBF; &#xC92;&#xC82;&#xCA6;&#xCC1;. &#xCB9;&#xCBF;&#xCB0;&#xCBF;&#xCAF; &#xCB5;&#xCBF;&#xCAE;&#xCB0;&#xCCD;&#xCB6;&#xC95;&#xCBF; &#xCB5;&#xCBF;&#xC9C;&#xCAF;&#xCBE; &#xCA6;&#xCAC;&#xCCD;&#xCAC;&#xCC6; &#xC85;&#xCB5;&#xCB0;&#xCC1; &#xCAC;&#xCC7;&#xC82;&#xCA6;&#xCCD;&#xCB0;&#xCC6; &#xC95;&#xCBE;&#xCB5;&#xCCD;&#xCAF;&#xCA6;&#xCB2;&#xCCD;&#xCB2;&#xCBF;&#xCA8; &#xC85;&#xCA8;&#xCC1;&#xCAD;&#xCBE;&#xCB5;&#xCA6; &#xC97;&#xCC1;&#xCA3;&#xCB5;&#xCA8;&#xCCD;&#xCA8;&#xCC1; &#xCB5;&#xCBF;&#xCB6;&#xCCD;&#xCB2;&#xCC7;&#xCB7;&#xCBF;&#xCB8;&#xCBF;&#xCA6;&#xCCD;&#xCA6;&#xCBE;&#xCB0;&#xCC6;. &#xC95;&#xCCD;&#xCB0;&#xCC8;&#xCB8;&#xCCD;&#xCA4;&#xCCD; &#xC95;&#xCBE;&#xCB2;&#xCC7;&#xC9C;&#xCBF;&#xCA8; &#xC95;&#xCA8;&#xCCD;&#xCA8;&#xCA1; &#xCB8;&#xC82;&#xC98;&#xCB5;&#xCC1; &#xC8F;&#xCB0;&#xCCD;&#xCAA;&#xCA1;&#xCBF;&#xCB8;&#xCBF;&#xCA6;&#xCCD;&#xCA6; &#xC95;&#xCBE;&#xCB0;&#xCCD;&#xCAF;&#xC95;&#xCCD;&#xCB0;&#xCAE;&#xCA6;&#xCB2;&#xCCD;&#xCB2;&#xCBF; &#xCAE;&#xC82;&#xCA1;&#xCBF;&#xCB8;&#xCBF;&#xCA6; &#xCAA;&#xCCD;&#xCB0;&#xCAC;&#xC82;&#xCA7;&#xCB5;&#xCBF;&#xCA6;&#xCC1;. &#xCAE;&#xCCA;&#xCA6;&#xCB2;&#xCBF;&#xC97;&#xCC6; &#xC95;&#xCA8;&#xCCD;&#xCA8;&#xCA1; &#xCB8;&#xC82;&#xC98;&#xCA6;&#xCBF;&#xC82;&#xCA6; &#xCAA;&#xCCD;&#xCB0;&#xC95;&#xC9F;&#xCB5;&#xCBE;&#xC97;&#xCBF;&#xCA4;&#xCCD;&#xCA4;&#xCC1;. &#xCA8;&#xC82;&#xCA4;&#xCB0; &#xC9A;&#xCBF;.&#xCB6;&#xCCD;&#xCB0;&#xCC0;&#xCA8;&#xCBF;&#xCB5;&#xCBE;&#xCB8;&#xCB0;&#xCBE;&#xC9C;&#xCC1; &#xC85;&#xCB5;&#xCB0;&#xCC1; &#xCB8;&#xC82;&#xCAA;&#xCBE;&#xCA6;&#xCBF;&#xCB8;&#xCBF;&#xCA6; &#xCAA;&#xCC1;&#xCB8;&#xCCD;&#xCA4;&#xC95;&#xCA6;&#xCB2;&#xCCD;&#xCB2;&#xCBF;&#xCAF;&#xCC2; &#xCB8;&#xCC7;&#xCB0;&#xCCD;&#xCAA;&#xCA1;&#xCC6;&#xCAF;&#xCBE;&#xC97;&#xCBF;&#xCA4;&#xCCD;&#xCA4;&#xCC1;. &#xC85;&#xCAD;&#xCBF;&#xCA8;&#xCB5;&#xCA6;&#xCBF;&#xC82;&#xCA6; &#xCAE;&#xCB0;&#xCC1;&#xCAE;&#xCC1;&#xCA6;&#xCCD;&#xCB0;&#xCA3;&#xCB5;&#xCBE;&#xC97;&#xCBF;&#xCA6;&#xCC6;. &#xC88; &#xC95;&#xCC3;&#xCA4;&#xCBF;&#xCAF;&#xCC1; &#xCB5;&#xCBF;&#xC9C;&#xCAF;&#xCBE; &#xCA6;&#xCAC;&#xCCD;&#xCAC;&#xCC6; &#xC85;&#xCB5;&#xCB0; &#xCB8;&#xCAE;&#xC97;&#xCCD;&#xCB0; &#xC95;&#xCC3;&#xCA4;&#xCBF;&#xC97;&#xCB3; &#xCB8;&#xCB0;&#xCA3;&#xCBF;&#xCAF;&#xCB2;&#xCCD;&#xCB2;&#xCBF;&#xCAF;&#xCC2; &#xCB8;&#xCC7;&#xCB0;&#xCBF;&#xCA6;&#xCC6;.</subfield>
  </datafield>
  <datafield tag="690" ind1=" " ind2=" ">
    <subfield code="a">Kannada Poetry Criticism</subfield>
    <subfield code="9">174213</subfield>
  </datafield>
  <datafield tag="906" ind1=" " ind2=" ">
    <subfield code="a">068335</subfield>
  </datafield>
  <datafield tag="942" ind1=" " ind2=" ">
    <subfield code="2">ddc</subfield>
    <subfield code="c">BK</subfield>
  </datafield>
  <datafield tag="999" ind1=" " ind2=" ">
    <subfield code="c">152619</subfield>
    <subfield code="d">152619</subfield>
  </datafield>
  <datafield tag="952" ind1=" " ind2=" ">
    <subfield code="0">0</subfield>
    <subfield code="1">0</subfield>
    <subfield code="4">0</subfield>
    <subfield code="7">0</subfield>
    <subfield code="8">Kannada</subfield>
    <subfield code="a">AL</subfield>
    <subfield code="b">AL</subfield>
    <subfield code="c">Kannada Literature</subfield>
    <subfield code="d">2021-02-17</subfield>
    <subfield code="e">Navakarnataka Publication Pvt Ltd Mangalore</subfield>
    <subfield code="g">40.00</subfield>
    <subfield code="l">0</subfield>
    <subfield code="o">K894.109 VIJB</subfield>
    <subfield code="p">068335</subfield>
    <subfield code="r">2021-02-17 00:00:00</subfield>
    <subfield code="w">2021-02-17</subfield>
    <subfield code="y">BK</subfield>
  </datafield>
</record>
